El espíritu de San Vicente de Paul

Guardat en:
Dades bibliogràfiques
Autor principal: Ansart, Andrés Josef (Autor)
Format: Llibre
Idioma:espanyol
Publicat: Barcelona Librería Religiosa 1888
Matèries:
Etiquetes: Afegir etiqueta
Sense etiquetes, Sigues el primer a etiquetar aquest registre!

MARC

LEADER 00000nam a2200000 a 4500
001 UCI4451
003 CL-VaPUC
008 080118e18880000SP |||||||||||||||||spa|d
082 0 4 |a 922.22  |b ANS  |2 21 
100 0 |a Ansart, Andrés Josef  |e author  |9 526369 
245 1 3 |a El espíritu de San Vicente de Paul 
300 |a 358 p 
942 |c BK 
945 |d 20080118 00:00:00  |a rbrito 
260 |a Barcelona  |b Librería Religiosa  |c 1888 
500 |a Donación Padres Capuchinos 
600 0 7 |a SAN VICENTE DE PAUL  |2 CL-VaPUC  |9 314458 
650 0 |a Biografías  |9 255210 
650 7 |a SANTOS  |2 CL-VaPUC  |9 313738 
650 0 |a Vida religiosa  |9 257284 
650 0 |a Espiritualidad   |9 267331 
583 |a last modification  |c 20080118 00:00:00  |k Rodrigo Vera 
999 |c 328393  |d 328391 
952 |0 0  |1 0  |4 0  |6 922_220000000000000_ANS_1888  |7 0  |8 ?  |9 412262  |a FDOBUD  |b FDOBUD  |d 2019-11-22  |i 4401697  |o 922.22 ANS 1888  |p 4401697  |r 2019-11-22  |w 2019-11-22  |y BK  |k BUD